LIBRARY & INFORMATION CENTRE, KCAET, TAVANUR

ONLINE PUBLIC ACCESS CATALOGUE (OPAC)

Engineering materials / (Record no. 1472)

MARC details
000 -LEADER
fixed length control field 00844cam a2200193ua 4500
003 - CONTROL NUMBER IDENTIFIER
control field OSt
008 - FIXED-LENGTH DATA ELEMENTS--GENERAL INFORMATION
fixed length control field 220324b ||||| |||| 00| 0 eng d
020 ## - INTERNATIONAL STANDARD BOOK NUMBER
ISBN 9788185594965, 8185594961
041 ## - LANGUAGE CODE
Language code of text/sound track or separate title eng
082 ## - DEWEY DECIMAL CLASSIFICATION NUMBER
Classification number 691
Item number RAN/EN
100 ## - MAIN ENTRY--AUTHOR NAME
Personal name Rangwala, S.C .
245 ## - TITLE STATEMENT
Title Engineering materials /
250 ## - EDITION STATEMENT
Edition statement 11 /
260 ## - PUBLICATION, DISTRIBUTION, ETC. (IMPRINT)
Place of publication :
Name of publisher Charotar book stall ,
Year of publication 1986.
300 ## - PHYSICAL DESCRIPTION
Number of Pages 497 ; .
500 ## - GENERAL NOTE
General note 16412- Reference,20872-Scheme
505 ## - FORMATTED CONTENTS NOTE
Formatted contents note <br/><br/>1 : PROPERTIES OF ENGINEERING MATERIALS<br/>2 : STONES<br/>3 : CERAMIC MATERIALS<br/>4 : BRICKS<br/>5 : LIME<br/>6 : CEMENT<br/>7 : MORTAR<br/>8 : CEMENT CONCRETE<br/>9 : TIMBER<br/>10 : FERROUS METALS<br/>11 : STEEL<br/>12 : NON-FERROUS METALS AND ALLOYS<br/>13 : CORROSION<br/>14 : GLASS<br/>15 : PAINTS, VARNISHES AND DISTEMPERS<br/>16 : PLASTICS<br/>17 : MISCELLANEOUS MATERIALS<br/>18 : MATERIAL SCIENCE OF METALS<br/>
942 ## - ADDED ENTRY ELEMENTS (KOHA)
Koha item type Books
Holdings
Withdrawn status Lost status Damaged status Home library Current library Date acquired Full call number Accession Number Koha item type
      KAUAET   07/04/2012 691 20872 Books
      KAUAET KAUAET 20/08/1986 691 15424 Books
free website counter